000 00565nam a2200217Ia 4500
003 OSt
005 20220923230913.0
006 a|||||r|||| 00| 0
007 ta
008 Pun
024 _a306,341
037 _cTextual
040 _aARTS
_cARTS
_bPun
041 _2Pun
_aPun
082 _aO153,6N12:g, M3
100 _aਕੌਰ, ਕੰਵਲ ਦੀਪ
245 0 _aਵਾਰਤਕ ਈFਵਰ ਚਿੱਤਰਕਾਰ
260 _c1983
942 _hO153,6N12:g, M3
_cTEXL
_2CC
999 _c388127
_d388127